000 00716nam a2200181 a 4500
008 060608s2005 ||||||||||||||||| || u
050 _aIBRD(08)PRWP/3781
100 _aFlyvbjerg, Bent
245 1 0 _aPolicy and planning for large infrastructure projects
246 _aproblem, causes, cures
260 _aWashington, D. C
_bWorld Bank
_c2005
300 _a32p.ill.
350 _a0.00
490 _aWorld Bank policy research working papers
650 0 _aECONOMICS
650 _aPOLICY AND PLANNING--RESEARCH--INFRASTRUCTURE PROJECTS
995 _D0.00
_FCBU-MAIN LIBRARY (Kitwe)
_H1
_I0.00
_M1
_UAVAILABLE
_WJun 8, 2006
_ZInternational Publications
999 _c53841
_d53841